[Event "Panama op 3rd"]
[Site "Panama City"]
[Date "2013.11.04"]
[Round "8"]
[White "Madrid, Gilberto"]
[Black "Valdes, Bernardo"]
[Result "1-0"]
[WhiteElo "2046"]
[BlackElo "1785"]
[PlyCount "129"]
[EventDate "2013.10.30"]
[EventType "swiss"]
[EventRounds "9"]
[EventCountry "PAN"]
[SourceTitle "EXT 2014"]
[Source "ChessBase"]
[SourceDate "2013.11.20"]
[SourceVersion "1"]
[SourceVersionDate "2013.11.20"]
[SourceQuality "1"]

1. e4 c5 2. Nf3 d6 3. d4 cxd4 4. Nxd4 Nf6 5. Nc3 a6 6. Bg5 e6 7. f4 Nbd7 8. Qf3 Qc7 9. 0-0-0 b5 10. g4 Bb7 11. Bxf6 gxf6 12. h4 b4 13. Nd5 exd5 14. exd5 0-0-0 15. Kb1 f5 16. Nxf5 Nb6 17. Rh2 Qc5 18. Rhd2 Re8 19. Rd3 Nxd5 20. Bg2 Nc3+ 21. Rxc3 Bxf3 22. Rxc5+ dxc5 23. Bxf3 Rd8 24. Rf1 Bd6 25. Be2 a5 26. Bc4 f6 27. c3 Rhe8 28. cxb4 axb4 29. Kc2 Bc7 30. Bd3 c4 31. Bxc4 Re4 32. Kb3 Bxf4 33. Kxb4 Bd2+ 34. Kb3 Rxg4 35. a4 Kc7 36. Ne7 Rxh4 37. Rxf6 Bg5 38. Rf7 Bxe7 39. Rxe7+ Rd7 40. Re6 Rh3+ 41. Kb4 h5 42. Rh6 Rh2 43. b3 h4 44. Kc5 h3 45. Be6 Rc2+ 46. Kb5 Re7 47. Bxh3 Rc3 48. Kb4 Ree3 49. Be6 Rc6 50. Rh7+ Kd6 51. Bc4 Rb6+ 52. Bb5 Re4+ 53. Ka5 Rb8 54. Rd7+ Ke6 55. Rd3 Ra8+ 56. Kb6 Re5 57. Rd4 Rb8+ 58. Kc6 Rc8+ 59. Kb7 Rh8 60. b4 Rg5 61. Bc4+ Kf6 62. b5 Rg6 63. Rd6+ Kg5 64. Rxg6+ Kxg6 65. b6 1-0